Statistiques concernant Les plus grandes villes françaises sur la côte Atlantique

Cliquez ici pour prendre le quiz!

Statistiques générales

  • Ce quiz a été pris 326 fois
  • Le résultat moyen est 12 sur 28

Statistiques - réponses

PopulationVille sur l'Atlantique% Correct
139,400Brest
95%
75,000La Rochelle
93%
24,700Biarritz
89%
53,000Vannes
82%
69,400Saint-Nazaire
80%
57,700Lorient
77%
10,400Arcachon
66%
14,400Les Sables-d'Olonne
62%
18,400Royan
59%
13,400Saint-Jean-de-Luz
58%
19,200Concarneau
48%
16,800Hendaye
45%
15,500La Baule-Escoublac
43%
38,600Anglet
42%
14,600Pornic
40%
14,500Douarnenez
33%
10,700Pornichet
27%
26,000La Teste-de-Buch
26%
14,900Olonne-sur-Mer
17%
13,800Château-d'Olonne
16%
20,600Gujan-Mestras
16%
11,700Andernos-les-Bains
15%
18,100Ploemeur
15%
13,200Saint-Brévin-les-Pins
15%
13,300Plougastel-Daoulas
14%
11,400Saint-Hilaire-de-Riez
14%
12,300Plouzané
9%
10,000Biganos
8%

Distribution des résultats

Percentile par nombre de réponses

% des personnes avec chaque résultat

Votre développement - résultats

Vous n’avez pas pris ce quiz